40 People in American History that Everyone Should Know - Statistics

General Stats
  • This quiz has been taken 2,296 times
    1,896 since last reset
  • The average score is 26 of 40
Answer Stats
Hint Answer % Correct
First President George Washington
100%
Ended Slavery with the Emancipation Proclamation Abraham Lincoln
95%
She resisted bus segregation Rosa Parks
94%
Author of the Declaration of Independence Thomas Jefferson
92%
First Man on the Moon Neil Armstrong
91%
Started the Civil Rights Movement Martin Luther King Jr.
89%
The King of Rock and Roll Elvis Presley
88%
Led the United States through most of World War II Franklin D. Roosevelt
88%
Trumpeter from New Orleans who was a major influence on Jazz Louis Armstrong
88%
Founder of Microsoft Bill Gates
84%
Father of the Theory of Relativity Albert Einstein
83%
Created the first Airplane Orville Wright
82%
Wilbur Wright
82%
Probably the most famous American Architect in History Frank Lloyd Wright
81%
Created many of the country's most famous animated films Walt Disney
79%
Blond Actress famous for films such as "Some Like it Hot" Marilyn Monroe
78%
Inventor of the Telephone Alexander Graham Bell
77%
Founded the Assembly Line Henry Ford
73%
Wrote "The Adventures of Tom Sawyer" Mark Twain
73%
First Secretary of the Treasury Alexander Hamilton
70%
Went on a expedition to find a route from the Mississippi to the Pacific Meriwether Lewis
68%
General-in-Chief of the Confederate Army Robert E. Lee
68%
William Clark
67%
"Father of the Atomic Bomb" Robert Oppenheimer
65%
Advisor of the Second President Abigail Adams
60%
First Postmaster General Benjamin Franklin
54%
Author of "The Old Man and the Sea" Ernest Hemingway
52%
Inventor of the Cotton Gin Eli Whitney
50%
Famously Died at the Battle of Little Big Horn General Custer
49%
Built a motor based on AC current Nikola Tesla
49%
Abolitionist who escaped from slavery and was nominated for Vice President Frederick Douglass
47%
Fought for Women's Rights to Vote Susan B. Anthony
46%
Founder of Salt Lake City Bringham Young
45%
Inventor of the Telegraph Samuel Morse
35%
Resisted the U.S Takeover of Sioux Lands Sitting Bull
35%
Started the Mexican-American War James Polk
33%
Created one of the first Polio Vaccines Jonas Salk
31%
Negotiated the purchase of Alaska William Seward
23%
Laid the Foundations for U.S Constitutional Law John Marshall
17%
Founder of Christian Science Mary Baker Eddy
10%
No matching quizzes found
Score Distribution
Percent of People with Each Score
Percentile by Number Answered
Your Score History
You have not taken this quiz since the last reset